Introduction to autonomous mobile robots
Saved in:
| Main Authors: | , |
|---|---|
| 格式: | 圖書 |
| 語言: | 英语 |
| 出版: |
Cambridge
The Mit Press
2004
|
| 叢編: | Intelligent Robotics and Autonomous Agents
|
| 主題: | |
| 標簽: |
添加標簽
沒有標簽, 成為第一個標記此記錄!
|
MARC
| LEADER | 00000nam a2200000 a 4500 | ||
|---|---|---|---|
| 001 | UCI9983 | ||
| 003 | CL-VaPUC | ||
| 008 | 081218e20040000US |||||||||||||||||eng|d | ||
| 020 | |a 9780262195027 | ||
| 082 | 0 | 4 | |a 629.892 |b SIE |2 21 |
| 100 | 0 | |a Siegwart, Roland |e author |9 534049 | |
| 700 | 0 | |a Nourbakhsh, Illah R |e author |9 534050 | |
| 245 | 1 | 0 | |a Introduction to autonomous mobile robots |
| 300 | |a 321 p | ||
| 942 | |c BK | ||
| 945 | |d 20081218 00:00:00 |a jtorresc | ||
| 260 | |a Cambridge |b The Mit Press |c 2004 | ||
| 650 | 7 | |a ROBOTS PROGRAMACION |2 CL-VaPUC |9 534051 | |
| 583 | |a last modification |c 20081218 00:00:00 |k Rodrigo Vera | ||
| 490 | 0 | |a Intelligent Robotics and Autonomous Agents | |
| 999 | |c 332406 |d 332404 | ||
| 952 | |0 0 |1 0 |4 0 |6 629_892000000000000_SIE_2004 |7 0 |8 A |9 420072 |a BIBING |b BIBING |d 2019-11-22 |i 4507894 |o 629.892 SIE 2004 |p 4507894 |r 2025-01-20 |w 2019-11-22 |y BK |k EIE | ||